Authors by Non-Fiction Book Cover Quiz Stats

 Plays Quiz Updated Sep 19, 2014

Challenge
Share
Tweet
Score 0/20 Timer 05:00
1 Play Today
% Correct
Stephen Hawking
97.6%
Virginia Woolf
78.5%
Barack Obama
77.4%
Martin Luther King, Jr.
76.3%
Maya Angelou
74.3%
Truman Capote
65.8%
Stephen King
52.3%
Ernest Hemingway
49.4%
John Maynard Keynes
39.3%
Milton Friedman
38.3%
% Correct
Rachel Carson
36%
Betty Friedan
35.1%
Norman Mailer
33.9%
James Baldwin
28%
Vladimir Nabokov
27.7%
Barry Goldwater
22.4%
Jared Diamond
22.3%
Noam Chomsky
17.3%
Michael Pollan
17.1%
John Rawls
9.3%

You're not logged in!

Compare scores with friends on all Sporcle quizzes.
Join for Free
OR
Log In

You Might Also Like...

Show Comments

Extras

Top Quizzes Today


Score Distribution

Your Account Isn't Verified!

In order to create a playlist on Sporcle, you need to verify the email address you used during registration. Go to your Sporcle Settings to finish the process.

Report this User

Report this user for behavior that violates our Community Guidelines.

Details: